Normal view
MARC view
- Vázquez Freire, Miguel,
Entry Nombre Personal
001 - NUMERO DE CONTROL
- campo de control: 39322
003 - IDENTIFICADOR DE NUMERO DE CONTROL
- campo de control: UPN
005 - FECHA Y HORA DE LA ÜLTIMA TRANSACCIÓN
- campo de control: 20210219194544.0
008 - DATOS DE LONGITUD FIJA
- campo de control de longitud fija: nabaccnnaabn|||||||||| b |nc|||||d
035 ## - NUMERO DE CONTROL
- Número de control: UPN11000011429
040 ## - FUENTE DE CATALOGACIÓN
- Lenguaje de catalogación: SPA
- Agencia de transcripción: UPN
100 1# - ENCABEZAMIENTO - NOMBRE PERSONAL
- Nombre personal: Vázquez Freire, Miguel,
- Fechas asociadas con el nombre: 1951-
670 ## - FUENTE EN LA QUE SE LOCALIZARON DATOS
- Cita de la fuente: T
- Información localizada: Wikipedia
680 ## - NOTA PUBLICA DE ACCESO PÚBLICO
- Encabezamiento o subdivisión: Estudió Filosofía y Letras en las universidades de Santiago de Compostela y Complutense de Madrid obtuvo un título en la especialidad de Filosofía
902 ## - CATALOGADOR
- Catalogador: MCM/251016
